| 000 | 00928nam a2200229 a 4500 | ||
|---|---|---|---|
| 001 | 68970 | ||
| 003 | BD-RjUL | ||
| 005 | 20211209081832.0 | ||
| 008 | 170409s1991 bg a|||| |||| 00| 0 ben d | ||
| 035 | _a(BD-RjUL)69181 | ||
| 040 |
_aBD-RjUL _bben _cBD-RjUL |
||
| 041 | _aben | ||
| 082 |
_a519.5 _bAHA 1981 _223 |
||
| 100 |
_aআহমেদ, মোজহার উদ্দিন _9117153 |
||
| 245 | 1 | 0 |
_aআধুনিক পরিসংখ্যান : _b(সংক্ষিপ্ত প্রশ্নোত্তরসহ) / _cমোজহার উদ্দিন আহমেদ |
| 250 | _a৫ম সং. | ||
| 260 |
_aঢাকা : _bমল্লিক ব্রাদার্স, _c১৯৯১. |
||
| 300 |
_a৯৬৬ পৃ. : _bচিত্র ; _c২১ সেমি. |
||
| 650 |
_aগাণিতিক পরিসংখ্যান _9117077 |
||
| 650 |
_aMathematical Statistics _9117154 |
||
| 942 |
_2ddc _cBK |
||
| 999 |
_c68970 _d68970 |
||